| 000 | 00730nam a2200265Ia 4500 | ||
|---|---|---|---|
| 005 | 20260121172758.0 | ||
| 008 | 008 260114s9999 xx 000 0 eng d | ||
| 020 | _a9789811624506 | ||
| 037 | _aEBOOK | ||
| 040 | _aCRL | ||
| 040 | _beng | ||
| 040 | _cCRL | ||
| 041 | _2eng | ||
| 041 | _aeng | ||
| 084 | _qCRL | ||
| 100 |
_aPraveen Agarwal, Juan J. Nieto, Michael Ruzhansky, Delfim F. M. Torres _91092629 |
||
| 245 | 0 | _aAnalysis of Infectious Disease Problems (Covid-19) and Their Global Impact | |
| 260 | _bSpringer | ||
| 260 | _bSpringer | ||
| 260 | _c2021 | ||
| 856 | _uhttps://link.springer.com/openurl?genre=book&isbn=978-981-16-2450-6 | ||
| 942 | _cEBOOK | ||
| 999 |
_c1658369 _d1658369 |
||